| 000 | 01595nam a2200493 i 4500 | ||
|---|---|---|---|
| 001 | 23900 | ||
| 003 | KOSZ 005 | ||
| 005 | 20210930090814.0 | ||
| 008 | 971113s1988 pl f |001 0 pol | ||
| 015 | _aUWD 1988/3340 | ||
| 020 | _a8320010721 | ||
| 035 | _a991003049769705066 | ||
| 035 | _a(PL-WaBN)b10823657-48omnis_nlop | ||
| 035 | _ab10823657 | ||
| 035 | _a(OCoLC)834902189 | ||
| 035 | _a(PL)b0000001082365 | ||
| 035 | _a(EXLNZ-48OMNIS_NETWORK)9910150775705606 | ||
| 040 |
_aWA N _cWA N _dKOSZ 005/EG |
||
| 046 | _k1988 | ||
| 080 | _a641.5 | ||
| 080 | _a613,2 | ||
| 100 | 1 |
_aSzczepańska, Anna _eAutor |
|
| 245 | 1 | 0 |
_aKuchnia i zdrowie / _cAnna Szczepańska, Anna Ners, Zofia Zawistowska. |
| 260 |
_aWarszawa : _bPańst. Zakład Wydawnictw Lekarskich, _c1988. |
||
| 300 |
_a351, [1] s., [16] s. fot. kolor. ; _c30 cm. |
||
| 336 |
_2rdacontent _aTekst _btxt |
||
| 337 |
_2rdamedia _aBez urządzenia pośredniczącego _bn |
||
| 338 |
_2rdacarrier _aWolumin _bnc |
||
| 380 | _aKsiążki | ||
| 380 | _aPublikacje popularnonaukowe | ||
| 388 | _a1901-2000 | ||
| 388 | _a1945-1989 | ||
| 504 | _aIndeks. | ||
| 650 | 7 |
_aZdrowe odżywianie _2DBN |
|
| 655 | 7 |
_aPrzepisy kulinarne _2DBN |
|
| 658 | _aKulinaria | ||
| 658 | _aMedycyna i zdrowie | ||
| 700 | 1 |
_aNers, Anna _eAutor |
|
| 700 | 1 |
_aZawistowska, Zofia _eAutor |
|
| 710 | 2 |
_aWydawnictwo Lekarskie PZWL _4pbl |
|
| 856 |
_uhttp://koha.tu.koszalin.pl/cgi-bin/koha/opac-detail.pl?biblionumber=23900 _yKatalog online BPK |
||
| 942 |
_2UKD _cKS |
||
| 999 |
_c23900 _d23900 |
||